Implanting strategic management (Record no. 46418)

MARC details
000 -LEADER
fixed length control field 00608nam a2200181 a 4500
008 - FIXED-LENGTH DATA ELEMENTS--GENERAL INFORMATION
fixed length control field 120416s1990 ||||||||||||||||| || u
020 ## - INTERNATIONAL STANDARD BOOK NUMBER
International Standard Book Number 0134518810
050 ## - LIBRARY OF CONGRESS CALL NUMBER
Classification number HD 30.28 Ans
100 ## - MAIN ENTRY--PERSONAL NAME
Personal name Ansoff, H. Igor
245 10 - TITLE STATEMENT
Title Implanting strategic management
250 ## - EDITION STATEMENT
Edition statement 2nd ed.
260 ## - PUBLICATION, DISTRIBUTION, ETC.
Place of publication, distribution, etc. New York
Name of publisher, distributor, etc. FT Prentice-Hall
Date of publication, distribution, etc. 1990
300 ## - PHYSICAL DESCRIPTION
Extent xxi, 520p. : ill
350 ## - PRICE (NR) (BK AM CF MU VM SE) [OBSOLETE]
Price 0.00
650 #0 - SUBJECT ADDED ENTRY--TOPICAL TERM
Topical term or geographic name entry element MANAGEMENT
650 ## - SUBJECT ADDED ENTRY--TOPICAL TERM
Topical term or geographic name entry element STRATEGIC MANAGEMENT
995 ## - RECOMMENDATION 995 [LOCAL, UNIMARC FRANCE]
-- 0.00
-- CBU-MAIN LIBRARY (Kitwe)
-- 1
-- 20.99
-- 1
-- LOST
-- Mar 11, 2013
-- Main Library Open Access Collection
Holdings
Withdrawn status Lost status Source of classification or shelving scheme Damaged status Not for loan Home library Current library Shelving location Date acquired Total Checkouts Full call number Barcode Date last seen Price effective from Koha item type
          CBU-MAIN LIBRARY, KITWE. CBU-MAIN LIBRARY, KITWE.   11/30/2022   HD 30.28 Ans 015474 11/30/2022 11/30/2022 MONOGRAPH